00349nam a2200133Ia 4500008004100000041000800041082001600049100002100065245002100086250001400107260005200121300003300173365000900206240624s9999 xx 000 0 und d aeng a658.421 HIS aHISRICH ROBERT D aENTREPRENEURSHIP a(7th ed.) c2008aBostonbMcGraw-Hill International Edition axviii, : 648 : p. : cm. ; 25 cb32